| 000 | 00694nam a2200253Ia 4500 | ||
|---|---|---|---|
| 003 | OSt | ||
| 005 | 20220926015109.0 | ||
| 006 | a|||||r|||| 00| 0 | ||
| 007 | ta | ||
| 008 | 220923b |||||||| |||| 00| 0 eng d | ||
| 020 | _a0 393 09317 4 | ||
| 037 | _cGeneral Book | ||
| 040 |
_aRTL _cRTL _beng |
||
| 041 |
_2eng _aeng |
||
| 082 | _aU:(G:55), L4 | ||
| 100 |
_aWagner Richard H _9321581 |
||
| 245 | 0 | _aEnvironment and man | |
| 250 | _a2nd | ||
| 260 |
_aNew York _bNorton U S A _c1974 |
||
| 300 |
_axiii,528p. Appendix p. 515-18 _ccm. |
||
| 650 |
_aGeography - Environment _9229896 |
||
| 942 |
_hU:(G:55), L4 _cGB _2CC |
||
| 999 |
_c630533 _d630533 |
||